| 000 | 00676nam a2200241 a 4500 | ||
|---|---|---|---|
| 001 | BRCA_5753 | ||
| 005 | 20190320205213.0 | ||
| 008 | 070311s1924----gw-ao#####---#000-0#ger-# | ||
| 041 | _ager | ||
| 044 | _agw | ||
| 050 | 4 |
_aTR145 _b.N38 _c1924 |
|
| 100 | 1 |
_aNeuman, A. _914593 |
|
| 245 | 1 | 0 |
_aDas Photographische Objektiv. _bseine beurteilg U. Ausnutzg |
| 260 |
_aLeipzig _bLiesegang _c1924 |
||
| 300 |
_a117 p. _bils., 48 láminas, 18; tablas, 11. _c20 cm. |
||
| 500 | _aGlosario, tablas. | ||
| 500 | _aH68 | ||
| 650 | 1 | 4 |
_aFotografía _zLeipzig _914594 |
| 650 | 1 | 4 |
_aÓptica Fotográfica. _914595 |
| 700 | 1 |
_aStaeble, F. _ecoaut. _914596 |
|
| 902 | _aGFM | ||
| 942 |
_2lcc _cB |
||
| 999 |
_c5443 _d5443 |
||